| 000 | 00555nam a2200193Ia 4500 | ||
|---|---|---|---|
| 005 | 20250507130231.0 | ||
| 008 | 008 250505s9999 xx 000 0 eng d | ||
| 037 | _aSeries Article | ||
| 040 |
_aEASL _beng _cEASL |
||
| 041 |
_aeng _2eng |
||
| 084 | _qEASL | ||
| 100 |
_aMasafumi Asda _9668985 |
||
| 245 | 0 | _aChina-Russia-Japan military blance in manchuria, 1906-1918 | |
| 260 |
_aUK _bCambridge Cambridge University Press UK _c2010 |
||
| 300 | _a1283-1313 | ||
| 650 | _aMilitary Science | ||
| 942 | _cSRA | ||
| 999 |
_c1318470 _d1318470 |
||